LEADER 04658nam a2201141 i 4500
001 297623
003 CZ PrSKC
005 20260417063130.0
007 ta
008 260323s2026 xr e 000 0acze
015 |a cnb003746835 
020 |a 9788075553096  |q (vázáno) 
040 |a BOA001  |b cze  |d ABA001  |e rda 
041 1 |a cze  |h fre 
043 |a e-fr--- 
045 |a x-y- 
072 7 |a 343  |x Trestní právo  |2 Konspekt 
072 7 |a 929  |x Biografie  |2 Konspekt 
080 |a 343.22-058.833  |2 MRF 
080 |a 343.3/.7-058.6-055.2  |2 MRF 
080 |a 343.132:351.74  |2 MRF 
080 |a 343.1  |2 MRF 
080 |a 343.541  |2 MRF 
080 |a 364.63-055.2  |2 MRF 
080 |a 159.974  |2 MRF 
080 |a 159.923.2:17.024.3  |2 MRF 
080 |a 177  |2 MRF 
080 |a 929  |2 MRF 
080 |a (44)  |2 MRF 
080 |a (0:82-94)  |2 MRF 
100 1 |a Pelicot, Gisèle,  |d 1952-  |7 osa20261289251  |4 aut 
240 1 0 |a Et la joie de vivre.  |l Česky 
245 1 0 |a Óda na život :  |b hanba musí změnit strany /  |c Gisèle Pelicot a Judith Perringnon ; překlad Petra Zikmundová 
250 |a Vydání první 
264 1 |a [Brno] :  |b Jan Melvil Publishing,  |c 2026 
300 |a 247 stran ;  |c 21 cm 
336 |a text  |b txt  |2 rdacontent 
337 |a bez média  |b n  |2 rdamedia 
338 |a svazek  |b nc  |2 rdacarrier 
490 1 |a Hvězdy 
500 |a Přeloženo z francouzštiny 
600 1 7 |a Pelicot, Gisèle,  |d 1952-  |7 osa20261289251  |2 czenas 
648 7 |a 20.-21. století  |7 ch462155  |2 czenas 
648 7 |a 21. století  |7 ch460559  |2 czenas 
650 0 7 |a manželky zločinců  |7 ph323762  |z Francie  |y 20.-21. století  |2 czenas 
650 0 7 |a ženy jako oběti trestných činů  |7 ph127969  |z Francie  |y 20.-21. století  |2 czenas 
650 0 7 |a policejní vyšetřování  |7 ph158343  |z Francie  |y 21. století  |2 czenas 
650 0 7 |a soudní procesy  |7 ph125856  |z Francie  |y 21. století  |2 czenas 
650 0 7 |a znásilnění  |7 ph127664  |2 czenas 
650 0 7 |a násilí na ženách  |7 ph137284  |2 czenas 
650 0 7 |a psychická traumata  |7 ph124784  |2 czenas 
650 0 7 |a vyrovnání se s minulostí  |7 ph210129  |2 czenas 
650 0 7 |a morálka a společnost  |7 ph200857  |z Francie  |y 20.-21. století  |2 czenas 
650 0 9 |a criminals' spouses  |z France  |y 20th-21st centuries  |2 eczenas 
650 0 9 |a crimes against women  |z France  |y 20th-21st centuries  |2 eczenas 
650 0 9 |a police enquiry  |z France  |y 21st century  |2 eczenas 
650 0 9 |a trials  |z France  |y 21st century  |2 eczenas 
650 0 9 |a rape  |2 eczenas 
650 0 9 |a women abuse  |2 eczenas 
650 0 9 |a psychic trauma  |2 eczenas 
650 0 9 |a coming to terms with the past  |2 eczenas 
650 0 9 |a morality and society  |z France  |y 21st century  |2 eczenas 
655 7 |a autobiografické vzpomínky  |7 fd131854  |2 czenas 
655 9 |a autobiographical reminiscences  |2 eczenas 
700 1 |a Perrignon, Judith,  |d 1967-  |7 xx0198833  |4 aut 
700 1 |a Zikmundová, Petra,  |d 1991-  |7 xx0309499  |4 trl 
710 2 |a Jan Melvil Publishing (nakladatelství)  |7 kn20120626011  |4 pbl 
830 0 |a Hvězdy (Jan Melvil) 
900 |a ABA001  |b 20 
044 |a xr 
505 0 0 |t Kapitola_1 (14 min., 26 sek.) 
505 0 0 |t Kapitola_2 (14 min., 58 sek.) 
505 0 0 |t Kapitola_3 (27 min., 4 sek.) 
505 0 0 |t Kapitola_4 (27 min., 3 sek.) 
505 0 0 |t Kapitola_5 (12 min., 7 sek.) 
505 0 0 |t Kapitola_6,_cast_1 (25 min., 12 sek.) 
505 0 0 |t Kapitola_6,_cast_2 (7 min., 13 sek.) 
505 0 0 |t Kapitola_7 (22 min., 32 sek.) 
505 0 0 |t Kapitola_8,_cast_1 (17 min., 45 sek.) 
505 0 0 |t Kapitola_8,_cast_2 (13 min., 29 sek.) 
505 0 0 |t Kapitola_9,_cast_1 (15 min., 45 sek.) 
505 0 0 |t Kapitola_9,_cast_2 (17 min., 47 sek.) 
505 0 0 |t Kapitola_10 (26 min., 57 sek.) 
505 0 0 |t Kapitola_11,_cast_1 (25 min., 43 sek.) 
505 0 0 |t Kapitola_11,_cast_2 (10 min., 56 sek.) 
505 0 0 |t Kapitola_12 (23 min., 51 sek.) 
505 0 0 |t Kapitola_13 (26 min., 9 sek.) 
505 0 0 |t Kapitola_14 (27 min., 26 sek.) 
505 0 0 |t Kapitola_15 (16 min., 23 sek.) 
505 0 0 |t Kapitola_16,_cast_1 (18 min., 27 sek.) 
505 0 0 |t Kapitola_16,_cast_2 (18 min., 31 sek.) 
505 0 0 |t Kapitola_17,_cast_1 (28 min., 13 sek.) 
505 0 0 |t Kapitola_17,_cast_2 (6 min., 10 sek.) 
505 0 0 |t Kapitola_18 (25 min., 1 sek.) 
505 0 0 |t Doslov_k_ceskemu_vydani (4 min., 44 sek.) 
910 |a RBIT002 
998 |d 426193  |a https://core.palmknihy.cz/api/books/426193/cover?tdg5nq  |b https://core.palmknihy.cz/api/books/426193/cover/400?tdg5nq  |c https://core.palmknihy.cz/api/books/426193/cover/50?tdg5nq  |e 2050-12-31  |i 9788075553096  |l 28500  |q 49  |r 1  |s https://www.palmknihy.cz/kniha/426193  |t audiobook  |y 2026  |z 0 
999 |d 297621